000 nam a22 7a 4500
999 _c95774
_d95773
005 20190703094353.0
008 180608b ||||| |||| 00| 0 eng d
080 _a556.54
_bNEE
100 _aNeeraja, K. S
245 _aPuzhayum jalasechanavum(പുഴയും ജലസേചനവും )
_bthumboormuzhi jalasechanapathathiyude pachathalathil oraneshanam
260 _achalakudy
_bchalakudypuzha samrakshna samiyhy
300 _a60 p.
942 _cBK